| 000 | 00720nam a2200241Ia 4500 | ||
|---|---|---|---|
| 005 | 20250616115430.0 | ||
| 008 | 131103s9999 xx 000 0 und d | ||
| 020 |
_a1840461659 _c175 |
||
| 040 | _aLoreto College | ||
| 041 | _aEnglish | ||
| 082 |
_a801.95 _bBEN |
||
| 100 | _aBenjamin, Walter | ||
| 245 |
_aIntroducing Walter Benjamin _cHoward Caygill, Alex Coles and Andrzej Klimowski |
||
| 260 |
_aCambridge,U.K. _bIcon Books _c2000 |
||
| 300 |
_a175 _b ill. |
||
| 504 | _aIncludes bibliographical references and index | ||
| 630 | _aCritic - 20th century | ||
| 650 | _aWalter Benjamin - life and works | ||
| 651 | _aPhilosopher - 20th century | ||
| 700 | _aCaygill, Howard | ||
| 850 | _aLCBED | ||
| 942 | _cBK | ||
| 999 |
_c15828 _d66307 |
||